Preferential nectar robbing of flowers with long corollas (Registro nro. 13110)

Detalles MARC
000 -CABECERA
Campo de control 007060000a22002050004500
090 ## - CLASIFICACIÓN LOCAL
Colección AR
Consecutivo 04078
041 0# - IDIOMA
Código de idioma para texto/pista de sonido o título separado
100 1# - ASIENTO PRINCIPAL--NOMBRE PERSONAL
Nombre personal Lara, Carlos
245 10 - MENCION DE TITULO
Título Preferential nectar robbing of flowers with long corollas
Version experimental studies of two hummingbird species visiting three plant species
650 14 - ASIENTO SECUNDARIO DE MATERIA - TERMINO TEMATICO
Término temático o nombre geográfico como elemento de entrada Polinización
650 14 - ASIENTO SECUNDARIO DE MATERIA - TERMINO TEMATICO
Término temático o nombre geográfico como elemento de entrada Relación planta-animal
650 14 - ASIENTO SECUNDARIO DE MATERIA - TERMINO TEMATICO
Término temático o nombre geográfico como elemento de entrada Producción de semillas
650 14 - ASIENTO SECUNDARIO DE MATERIA - TERMINO TEMATICO
Término temático o nombre geográfico como elemento de entrada Colibrís
651 #4 - ASIENTO SECUNDARIO DE MATERIA - NOMBRE GEOGRAFICO
-- Veracruz
-- México
653 ## - TERMINO DE INDIZACION - NO CONTROLADO
-- Colibri
-- Colibri thalassinus
653 ## - TERMINO DE INDIZACION - NO CONTROLADO
-- Lampornis
-- Lampornis amethystinus
700 1# - ASIENTO SECUNDARIO - NOMBRE PERSONAL
Nombre personal Ornelas, Francisco
773 1# - Item fuente:
Título Oecologia
Paginas del Articulo 263-273
Lugar, editorial y fecha de publicación 2001
Información sobre la relación 128
942 ## - ELEMENTOS ADICIONALES (KOHA)
Tipo de ítem Artículo
Existencias
Withdrawn status Lost status Damaged status No para préstamo Colección Ubicación Permanente Ubicación actual Fecha de adquisición Datos de publicación Seriada Total Checkouts Número topográfico Inventario / Código de Barras Date last seen Price effective from Forma de adquisición Tipo de material
      No para Préstamo Hemeroteca Bogotá Bogotá 27/02/2015 Fuera de circulación   AR 04078 017695 25/03/2015 25/03/2015   Artículo